000 00337nam a2200133Ia 4500
008 151021s9999 xx 000 0 und d
020 _a950547662
050 _aBx5980 .F 1997
245 _a_God Willing John Flavel
260 _aLondon Grace 1997
300 _a65p.
650 _a_God willing
980 _a^d20141022 01:26:36^oanne
999 _c15010
_d15010